Il Migliore Romanzo

Salvato in:
Dettagli Bibliografici
Autore principale: Bernard Malamud
Natura: Libro
Lingua:lingua imprecisata
Pubblicazione: Edizione Cde
Tags: Aggiungi Tag
Nessun Tag, puoi essere il primo ad aggiungerne!!

MARC

LEADER 00000nam a2200000Ia 4500
001 R-1642
003 CODICE-MESSINA
005 20260212102510.0
008 260211s9999 xx 000 0 und d
040 |c importazione_messina 
100 |a Bernard Malamud 
245 0 |a Il Migliore 
245 0 |b Romanzo 
260 |b Edizione Cde 
942 |2 ddc  |c BK 
952 |0 0  |1 0  |2 ddc  |4 0  |6 SCAFFALE_16_000000000000000__STANZA_2  |7 0  |9 32482  |a ME  |b ME  |d 2026-02-11  |l 0  |o SCAFFALE 16 - STANZA 2  |p R-1642  |r 2026-02-11 23:53:13  |w 2026-02-11  |x [REVISIONARE]  |y BK 
999 |c 28149  |d 28149